كشف التوافق بين سلوك العلم و فلسفتة و أهدافه التربوية / (رقم التسجيلة. 15523)

تفاصيل مارك
000 -LEADER
fixed length control field 00713nam a22002057a 4500
005 - DATE AND TIME OF LATEST TRANSACTION
control field 20251108164833.0
008 - FIXED-LENGTH DATA ELEMENTS--GENERAL INFORMATION
fixed length control field 250721s1986 xx 000 0 ara d
082 14 - DEWEY DECIMAL CLASSIFICATION NUMBER
Classification number 371.3/حمد
100 1# - MAIN ENTRY--PERSONAL NAME
Personal name حمدان، محمد زياد
245 10 - TITLE STATEMENT
Title كشف التوافق بين سلوك العلم و فلسفتة و أهدافه التربوية /
264 1# - PRODUCTION, PUBLICATION, DISTRIBUTION, MANUFACTURE, AND COPYRIGHT NOTICE
Place of production, publication, distribution, manufacture عمان :
Name of producer, publisher, distributor, manufacturer دار التربية الحديثة،
Date of production, publication, distribution, manufacture, or copyright notice 1986.
300 ## - PHYSICAL DESCRIPTION
Extent 36ص
490 0# - SERIES STATEMENT
Series statement المكتبة التربوية السريعة : الرسالة ؛ 46 و 47
650 17 - SUBJECT ADDED ENTRY--TOPICAL TERM
Topical term or geographic name as entry element التدريس
650 17 - SUBJECT ADDED ENTRY--TOPICAL TERM
Topical term or geographic name as entry element وسائل التدريس
650 17 - SUBJECT ADDED ENTRY--TOPICAL TERM
Topical term or geographic name as entry element أساليب التدريس
650 17 - SUBJECT ADDED ENTRY--TOPICAL TERM
Topical term or geographic name as entry element المدرسون
942 ## - ADDED ENTRY ELEMENTS (KOHA)
Source of classification or shelving scheme Dewey Decimal Classification
Koha item type كتب
المقتنيات
حالة السحب حالة الفقدان مصدر التصنيف حالة التلف غير قابل للإعارة المكتبة الرئيسية المكتبة الحالية موقع الرف تاريخ التزويد الرقم المتسلسل Total Checkouts رقم الإستدعاء تاريخ آخر ظهور تاريخ الفاتورة نوع المادة (كوها) الباركود
    Dewey Decimal Classification Unchecked   مكتبة الأميرة ايمان العامة مكتبة الأميرة ايمان العامة الإعارة 06/07/2004 2163   371.3/حمد 28/07/2025 06/07/2004 كتب  
    Dewey Decimal Classification     مكتبة الراية الهاشمية للأطفال مكتبة الراية الهاشمية للأطفال الإعارة 18/02/2015 1592778   371.3/حمد 28/07/2025 18/02/2015 كتب PLD00316859
    Dewey Decimal Classification     مكتبة النصر العامة مكتبة النصر العامة الإعارة 21/04/2015 [6565]   371.3/حمد 28/07/2025 21/04/2015 كتب PLD00320794
    Dewey Decimal Classification Unchecked   مكتبة صويلح العامة مكتبة صويلح العامة الإعارة 06/07/2004 5853   371.3/حمد 28/07/2025 06/07/2004 كتب  
    Dewey Decimal Classification     مكتبة صويلح العامة مكتبة صويلح العامة الإعارة 09/05/2019 {8635}   371.3/حمد 28/07/2025 09/05/2019 كتب PLD00452673
    Dewey Decimal Classification     مكتبة عدن للأطفال مكتبة عدن للأطفال الإعارة 16/02/2025 1793049   371.3/حمد 28/07/2025 16/02/2025 كتب PLD00515652
Implemented & Customized by: BBB with SCIT (Smart Chains for Information Technology)

Powered by Koha